Statistics for FIFA 19: Top 100 U-21 players

Click here to take the quiz!

General Stats

  • This quiz has been taken 129 times
  • The average score is 14 of 86

Answer Stats

PositionPlayerAgeClub% Correct
GKDonnarumma19AC Milan
91%
FMbappe19PSG
69%
DDe Ligt19Ajax
66%
DAlexander-Arnold19Liverpool
54%
Mde Jong21Ajax
53%
MFoden19Man City
53%
FDembele20Barcelona
46%
FRashford20Man United
45%
DGomez21Liverpool
43%
FVinicius17Real Madrid
43%
MHavertz19Leverkusen
42%
GKLafont19Fiorentina
41%
MNeves21Wolverhampton
41%
FJesus21Man City
39%
GKMeret21Napoli
39%
DUpamecano19Leipzig
35%
MAouar20Lyon
29%
FSessegnon18Fulham
28%
FKean19Juventus
23%
FHudson-Odoi17Chelsea
22%
DMilitao20Porto
22%
FMalcom21Barcelona
19%
MPulisic19Dortmund
19%
MBentancur21Juventus
18%
FDiaz18Man City
18%
MFernandes19Benfica
18%
GKLunin19Leganes
18%
FCutrone21AC Milan
17%
FMartinez21Inter Milan
17%
MNdombele21Lyon
17%
FJota21Wolverhampton
16%
DMukiele20Leipzig
15%
MTonali18Brescia
15%
FNeres21Ajax
14%
GKSvilar18Benfica
14%
FWeah19PSG
14%
DAmpadu18Chelsea
13%
FArp19Hamburg
13%
MBailey21Leverkusen
13%
FChiesa20Fiorentina
13%
GKDragowski21Fiorentina
13%
DCalabria19AC Milan
11%
MCeballos20Real Madrid
11%
FKluivert18AS Roma
11%
MBarella21Cagliari
10%
MDiop18Monaco
10%
DDiop19West Ham
10%
FOyarzabal21Real Sociedad
10%
FPellegri18Monaco
10%
MPuig19Barcelona
10%
FLeao20Lille
9%
FDavid19Gent
8%
MGomes20Man United
8%
MSarr20Rennes
8%
DVallejo19Real Madrid
8%
MZakaria21Monchengladbach
8%
MKessie21AC Milan
7%
MTielemans21Monaco
7%
GKAudero21Sampdoria
5%
FGeubbels17Leverkusen
5%
MPaulinho18Leverkusen
5%
MBerge20Genk
4%
MDiawara21Napoli
4%
MSoler21Valencia
4%
DBastoni19Parma
3%
GKFarinez20Caracas
3%
DKoundè19Bordeaux
3%
MRoca21Espanyol
3%
MAdli18PSG
2%
FGouiri19Lyon
2%
FGuedes21Valencia
2%
FKouame21Genoa
2%
GKPlizzari18AC Milan
2%
MBarco19Atlanta FC
1%
GKFructhl18Bayern M
1%
MRaphinha21Sporting
1%
MWendel21Sporting
1%
FZivkovic21Benfica
1%
MDabo17Nantes
0%
FDiedhiou21Getafe
0%
DDiogo Leite19Porto
0%
DKamara18Parma
0%
MKaramoh19Bordeaux
0%
GKLaiton18Auxerre
0%
FSong20Perugia
0%
DTierney21Bordeaux
0%

Score Distribution

Percentile by Number Answered

Percent of People with Each Score

Your Score History

You have not taken this quiz